00508nam a2200181 a 4500001001300000003000900013005001700022008004100039020002300080082001500103100003100118245003700149260004200186300000800228500003500236650002400271700003100295nice12345678IN_TiNIC20260116015349.0100923s1966 sana grp 000 0 eng  a0898704464 c10000a261.7bRAT aRatzinger, Joseph Cardinal aMeaning of Christian Brotherhood aSan Grancisco bIgnatius Press c1966 a93p aincludes index and biblioraphy aChristian-Community1 aRatzinger, Joseph Cardinal